Molecular Basic of Specificity in Nucleic Acid-Drug Interactions : Proceedings
Salvato in:
| Autori principali: | , |
|---|---|
| Natura: | Libro |
| Lingua: | inglese |
| Pubblicazione: |
Dordrecht :
Kluwer Academic Publishers,
1990
|
| Serie: | The Jerusalem Symposia on Quantum Chemistry and Biochemistry
Vol.23. |
| Tags: |
Nessun Tag, puoi essere il primo ad aggiungerne!!
|
MARC
| LEADER | 00000nam a22000003a 4500 | ||
|---|---|---|---|
| 001 | stu25649 | ||
| 005 | 20150617225743.4 | ||
| 008 | 980520s1990------------------------eng-d | ||
| 020 | |a 0-7923-0897-2 | ||
| 040 | |a STU |b slo | ||
| 041 | 0 | |a eng | |
| 080 | |a 547.474.5 | ||
| 100 | 1 | |a Jortner, J. |4 aut | |
| 245 | 1 | |a Molecular Basic of Specificity in Nucleic Acid-Drug Interactions : |b Proceedings | |
| 260 | |a Dordrecht : |b Kluwer Academic Publishers, |c 1990 | ||
| 300 | |a 603 s | ||
| 500 | |a Obr.,tab.,grafy,lit. | ||
| 700 | 1 | |a Pullman, B. |4 aut | |
| 830 | 0 | |a The Jerusalem Symposia on Quantum Chemistry and Biochemistry |v Vol.23. | |
| 996 | |b C95355 |c C*95355 |l CCI |s A |a 24 |w stu25649_0001 | ||